MARC

LEADER 00000nam0a2200000 4500
001 279790
005 20231101235238.0
035 |a (RuTPU)RU\TPU\book\303095 
090 |a 279790 
100 |a 20141223d1985 km y0rusy5003 ca 
101 0 |a rus 
102 |a RU 
105 |a a z 001zy 
200 1 |a Математическое моделирование сопряженных задач тепломассообмена  |f В. И. Зинченко 
210 |a Томск  |c Изд-во Томского ун-та  |d 1985 
215 |a 221 с.  |c ил.  |d 20 см 
320 |a Библиогр.: с. 210-221 (141 назв.) 
606 1 |a Массообмен  |x Математическое моделирование  |2 stltpush  |3 (RuTPU)RU\TPU\subj\41154  |9 60970 
610 1 |a тепломассообмен 
610 1 |a теплообмен 
610 1 |a газовые фазы 
610 1 |a твердые фазы 
610 1 |a сопряженные задачи 
610 1 |a неравновесные химические реакции 
610 1 |a монографии 
675 |a 536.24.02  |z rus  |v 4 
700 1 |a Зинченко  |b В. И.  |g Владислав Иванович  |4 070 
801 0 |a RU  |b RuMRKP  |c 19950704  |g psbo 
801 1 |a RU  |b 63413507  |c 20141223 
801 2 |a RU  |b 63413507  |c 20180409  |g RCR 
942 |c BK